[Event "Sant Miquel Olerdola op 15th"]
[Site "Sant Miquel Olerdola"]
[Date "2024.05.24"]
[Round "7"]
[White "Moreno Martin, Daniel"]
[Black "Ventos Navarro, Liberto"]
[Result "1-0"]
[WhiteElo "2264"]
[BlackElo "1956"]
[PlyCount "25"]
[EventDate "2024.04.12"]
[EventType "swiss"]
[EventRounds "8"]
[EventCountry "ESP"]
[SourceTitle "EXT 2025"]
[Source "ChessBase"]
[SourceDate "2024.10.14"]
[SourceVersion "1"]
[SourceVersionDate "2024.10.14"]
[SourceQuality "1"]

1. e4 g6 2. d4 Bg7 3. Nc3 a6 4. a4 d6 5. h3 b6 6. Nf3 Nd7 7. Bc4 e5 8. Bxf7+ Kxf7 9. Ng5+ Ke8 10. Ne6 Qe7 11. Nxc7+ Kd8 12. N3d5 Qh4 13. Bg5+ 1-0

[Event "Plzen op 10th"]
[Site "Plzen"]
[Date "2018.11.21"]
[Round "4"]
[White "Ochedzan, Tymon"]
[Black "Moreno Martin, Daniel"]
[Result "0-1"]
[WhiteElo "1944"]
[BlackElo "2190"]
[PlyCount "146"]
[EventDate "2018.11.18"]
[EventType "swiss"]
[EventRounds "9"]
[EventCountry "CZE"]
[SourceTitle "CBM 189 Extra"]
[Source "ChessBase"]
[SourceDate "2019.05.31"]
[SourceVersion "1"]
[SourceVersionDate "2019.05.31"]
[SourceQuality "1"]

1. e4 e6 2. d4 d5 3. Nc3 Nf6 4. e5 Nfd7 5. f4 c5 6. Nf3 Nc6 7. Be3 a6 8. Qd2 b5 9. a3 Qa5 10. Rd1 b4 11. axb4 Qxb4 12. b3 Bb7 13. Be2 cxd4 14. Nxd4 Rc8 15. Na2 Qa3 16. c3 Nc5 17. Nxc6 Nxb3 18. Qc2 Bxc6 19. Rb1 Nc5 20. Rb6 Qa5 21. Rb1 Be7 22. Bd2 Bd8 23. Rb2 Ne4 24. Nb4 Bb5 25. Bxb5+ axb5 26. Na2 Qa7 27. Rf1 Bb6 28. Qd3 Rc4 29. f5 Nxd2 30. Rxd2 Re4+ 31. Re2 0-0 32. fxe6 Rxe2+ 33. Qxe2 fxe6 34. Rxf8+ Kxf8 35. Qf3+ Qf7 36. Qg3 Qf5 37. Nb4 Qb1+ 38. Kd2 Qf5 39. Nd3 h6 40. Kc2 Kg8 41. h3 Qe4 42. Kd2 d4 43. cxd4 Qxd4 44. Qg6 Qd5 45. h4 Bd8 46. h5 Bg5+ 47. Ke1 Qc6 48. Kd1 Kf8 49. g3 Qg2 50. Nf4 Bxf4 51. Qd3 Qh1+ 52. Ke2 Qxh5+ 53. Kf2 Bxe5 54. Qd8+ Qe8 55. Qd3 Kg8 56. g4 b4 57. Qc4 Qf8+ 58. Kg2 Qd6 59. Qc8+ Kh7 60. Qc2+ g6 61. Kf3 Qd5+ 62. Kf2 Qd4+ 63. Kf3 Qc3+ 64. Qxc3 Bxc3 65. g5 hxg5 66. Kg4 Kh6 67. Kh3 b3 68. Kg4 b2 69. Kh3 Kh5 70. Kg2 b1Q 71. Kh2 Qc2+ 72. Kh3 g4+ 73. Kg3 Be5# 0-1

[Event "Sant Boi Chalmeta Memorial"]
[Site "Sant Boi de Llobregat"]
[Date "2017.05.05"]
[Round "3"]
[White "Gonzalez Rodriguez, Raul Omar"]
[Black "Moreno Martin, Daniel"]
[Result "1-0"]
[WhiteElo "2205"]
[BlackElo "2194"]
[PlyCount "121"]
[EventDate "2017.04.21"]
[EventType "tourn"]
[EventRounds "9"]
[EventCountry "ESP"]
[EventCategory "2"]
[SourceTitle "EXT 2018"]
[Source "ChessBase"]
[SourceDate "2017.10.13"]
[SourceVersion "1"]
[SourceVersionDate "2017.10.13"]
[SourceQuality "1"]

1. Nf3 d5 2. c4 e6 3. g3 Nf6 4. Bg2 Be7 5. 0-0 0-0 6. b3 c5 7. Bb2 Nc6 8. e3 b6 9. Qe2 Bb7 10. Rd1 Qc7 11. Nc3 Rad8 12. Rac1 Qb8 13. d4 dxc4 14. bxc4 cxd4 15. exd4 Rfe8 16. Rd2 Na5 17. Ne5 Bxg2 18. Kxg2 Qb7+ 19. f3 Bd6 20. Nd1 Qc7 21. f4 Bxe5 22. fxe5 Nd7 23. Nf2 Qc6+ 24. Kg1 Qa4 25. Ba1 Rc8 26. Rdc2 b5 27. cxb5 Rxc2 28. Rxc2 Nb6 29. Rc7 Nbc4 30. Bc3 Qxb5 31. Bxa5 Qb1+ 32. Be1 Nb6 33. Rxa7 Nd5 34. Qd1 Qf5 35. Qa4 Rf8 36. Ra8 h5 37. Rxf8+ Kxf8 38. Qa8+ Ke7 39. Bb4+ Nxb4 40. Qb7+ Ke8 41. Qxb4 h4 42. gxh4 Qg6+ 43. Kf1 Qc2 44. a4 Qc1+ 45. Kg2 g5 46. Qb8+ Ke7 47. Qh8 Qc6+ 48. d5 Qxd5+ 49. Kg3 Qb3+ 50. Kg2 Qb7+ 51. Kf1 Qb1+ 52. Ke2 Qc2+ 53. Kf3 Qb3+ 54. Kg4 Qxa4+ 55. Kxg5 Qc2 56. Qf6+ Ke8 57. Ng4 Qd2+ 58. Qf4 Qc2 59. h5 Kf8 60. Qb4+ Kg8 61. Nf6+ 1-0

[Event "Cornella de Llobregat op"]
[Site "Cornella de Llobregat"]
[Date "2017.04.10"]
[Round "2"]
[White "Moreno Martin, Daniel"]
[Black "Tebar Ramon, Juan Bosco"]
[Result "1-0"]
[WhiteElo "2303"]
[BlackElo "2108"]
[PlyCount "43"]
[EventDate "2017.04.03"]
[EventType "swiss"]
[EventRounds "7"]
[EventCountry "ESP"]
[SourceTitle "EXT 2018"]
[Source "ChessBase"]
[SourceDate "2017.10.13"]
[SourceVersion "1"]
[SourceVersionDate "2017.10.13"]
[SourceQuality "1"]

1. e4 c5 2. Nc3 Nc6 3. Bb5 a6 4. Bxc6 dxc6 5. f4 Nf6 6. d3 g6 7. Qf3 Bg7 8. h3 0-0 9. Nge2 e5 10. 0-0 exf4 11. Bxf4 Nh5 12. Be3 Bd4 13. Qf2 Bxe3 14. Qxe3 b6 15. Rf2 a5 16. Raf1 Qe7 17. g4 Ng7 18. Qg3 a4 19. e5 h5 20. Ne4 Ra7 21. Nf6+ Kh8 22. Qf4 1-0

[Event "Sant Boi Chalmeta Memorial"]
[Site "Sant Boi de Llobregat"]
[Date "2016.06.03"]
[Round "7"]
[White "Moreno Martin, Daniel"]
[Black "Ventura Bolet, Maxim"]
[Result "0-1"]
[WhiteElo "2197"]
[BlackElo "2229"]
[PlyCount "96"]
[EventDate "2016.04.22"]
[EventType "tourn"]
[EventRounds "9"]
[EventCountry "ESP"]
[EventCategory "2"]
[SourceTitle "EXT 2017"]
[Source "ChessBase"]
[SourceDate "2016.10.25"]
[SourceVersion "1"]
[SourceVersionDate "2016.10.25"]
[SourceQuality "1"]

1. e4 c5 2. Nf3 e6 3. d4 cxd4 4. Nxd4 a6 5. Bd3 Nc6 6. Nxc6 dxc6 7. 0-0 e5 8. Qe2 Nf6 9. Nd2 Qc7 10. a4 Bc5 11. Nb3 Bg4 12. Qe1 Be7 13. f4 Be6 14. fxe5 Ng4 15. Qe2 Nxe5 16. Bf4 Bxb3 17. cxb3 Bd6 18. Bxe5 Bxe5 19. Bc4 0-0 20. Qh5 g6 21. Qh3 Bxb2 22. Rad1 b5 23. Rxf7 Rxf7 24. Bxf7+ Qxf7 25. Rd7 Bd4+ 26. Rxd4 Rf8 27. Qf3 Qxf3 28. gxf3 Rxf3 29. axb5 axb5 30. Rd6 c5 31. Rc6 Rxb3 32. Rxc5 Rb1+ 33. Kg2 b4 34. Rc7 b3 35. Rb7 b2 36. e5 Kf8 37. h3 g5 38. Kh2 h5 39. Kg2 Ke8 40. e6 g4 41. hxg4 hxg4 42. Kh2 g3+ 43. Kg2 Kd8 44. Rb3 Ke7 45. Rb6 Kf6 46. Rb3 Kxe6 47. Re3+ Kd5 48. Rxg3 Rc1 0-1

[Event "Catalunya-chT Gp2 final"]
[Site "Barcelona"]
[Date "2016.04.09"]
[Round "3.3"]
[White "Oms Fuentes, Lluis"]
[Black "Moreno Martin, Daniel"]
[Result "1-0"]
[WhiteElo "2305"]
[BlackElo "2197"]
[PlyCount "69"]
[EventDate "2016.03.12"]
[EventType "team-tourn"]
[EventRounds "4"]
[EventCountry "ESP"]
[SourceTitle "EXT 2017"]
[Source "ChessBase"]
[SourceDate "2016.10.25"]
[SourceVersion "1"]
[SourceVersionDate "2016.10.25"]
[SourceQuality "1"]
[WhiteTeam "Barcelona Unio Graciencia"]
[BlackTeam "Sant Boi"]
[WhiteTeamCountry "ESP"]
[BlackTeamCountry "ESP"]

1. e4 e6 2. d4 d5 3. Nc3 Bb4 4. Qg4 Nf6 5. Qxg7 Rg8 6. Qh6 Rg6 7. Qe3 c5 8. Bd2 Nc6 9. Bb5 Ng4 10. Qd3 Qe7 11. Nge2 a6 12. exd5 axb5 13. dxc6 e5 14. Nd5 Bxd2+ 15. Qxd2 Qd8 16. dxc5 bxc6 17. Nb6 Qxd2+ 18. Kxd2 Rb8 19. f3 Nf6 20. g3 Bh3 21. Ke3 Kf8 22. Rad1 Re8 23. Kf2 Bf5 24. g4 Be6 25. h3 h5 26. Ng3 e4 27. f4 e3+ 28. Ke2 h4 29. f5 Rg8 30. fxe6 hxg3 31. Nd7+ Nxd7 32. exd7 Rd8 33. Rhg1 Rg5 34. b4 f5 35. Rxg3 1-0

[Event "Catalunya-chT Gp2"]
[Site "Barcelona"]
[Date "2016.02.27"]
[Round "6.3"]
[White "Alonso Moyano, Jonathan"]
[Black "Moreno Martin, Daniel"]
[Result "1-0"]
[WhiteElo "2399"]
[BlackElo "2197"]
[PlyCount "131"]
[EventDate "2016.01.23"]
[EventType "team-tourn"]
[EventRounds "7"]
[EventCountry "ESP"]
[SourceTitle "EXT 2017"]
[Source "ChessBase"]
[SourceDate "2016.10.25"]
[SourceVersion "1"]
[SourceVersionDate "2016.10.25"]
[SourceQuality "1"]
[WhiteTeam "Barbera"]
[BlackTeam "Sant Boi"]
[WhiteTeamCountry "ESP"]
[BlackTeamCountry "ESP"]

1. e4 e6 2. d3 d5 3. Nd2 Nf6 4. g3 dxe4 5. dxe4 e5 6. Ngf3 Bc5 7. h3 0-0 8. Bd3 Nc6 9. Nb3 Bb6 10. c3 a5 11. Qe2 a4 12. Nbd2 Re8 13. Nc4 Bc5 14. Be3 Qe7 15. Bxc5 Qxc5 16. Qe3 Nd7 17. Rd1 b6 18. Be2 Qe7 19. Na3 Nc5 20. Bb5 Bb7 21. Rd5 Qf6 22. 0-0 Red8 23. Rfd1 Na7 24. Rxd8+ Rxd8 25. Rxd8+ Qxd8 26. Be2 Nxe4 27. Nxe5 Qd5 28. Nf3 h6 29. c4 Qf5 30. Bd3 Qc5 31. Nd4 Ng5 32. Kf1 g6 33. h4 Nf3 34. Nxf3 Qxe3 35. fxe3 Bxf3 36. e4 Nc6 37. Kf2 Ne5 38. Bc2 Bg4 39. Bxa4 Nd3+ 40. Ke3 Nxb2 41. Bc6 Kf8 42. Kd4 Ke7 43. Nb5 Bd7 44. Bxd7 Kxd7 45. Nc3 Ke6 46. c5 bxc5+ 47. Kxc5 Nd3+ 48. Kc6 Ke5 49. Kxc7 Kd4 50. Nb5+ Kxe4 51. a4 Kf3 52. a5 Nb4 53. Nd4+ Kxg3 54. Nc6 Na6+ 55. Kb6 f5 56. Kxa6 f4 57. Nd4 g5 58. hxg5 hxg5 59. Kb5 g4 60. Nf5+ Kf2 61. a6 g3 62. Nh4 g2 63. Nxg2 Kxg2 64. a7 f3 65. a8Q Kg3 66. Kc4 1-0

[Event "Catalunya-chT Gp2"]
[Site "Barcelona"]
[Date "2016.01.30"]
[Round "2.4"]
[White "Moreno Martin, Daniel"]
[Black "Gonzalez Perez, Arian"]
[Result "1/2-1/2"]
[WhiteElo "2197"]
[BlackElo "2450"]
[PlyCount "65"]
[EventDate "2016.01.23"]
[EventType "team-tourn"]
[EventRounds "7"]
[EventCountry "ESP"]
[SourceTitle "CBM 170 Extra"]
[Source "ChessBase"]
[SourceDate "2016.02.25"]
[SourceVersion "1"]
[SourceVersionDate "2016.02.25"]
[SourceQuality "1"]
[WhiteTeam "Sant Boi"]
[BlackTeam "Sant Andreu"]
[WhiteTeamCountry "ESP"]
[BlackTeamCountry "ESP"]

1. e4 c5 2. Nf3 d6 3. d4 cxd4 4. Nxd4 Nf6 5. Nc3 g6 6. Be2 Bg7 7. 0-0 0-0 8. Be3 Nc6 9. Nb3 a6 10. a4 Be6 11. f4 Na5 12. Nxa5 Qxa5 13. Bf3 Rac8 14. Kh1 Rc4 15. Qe1 Rfc8 16. Ra3 Bg4 17. e5 dxe5 18. fxe5 Bxf3 19. exf6 Bxg2+ 20. Kxg2 Rg4+ 21. Kh1 Rxc3 22. Qd1 Rxa3 23. fxe7 Rxe3 24. Qd8+ Qxd8 25. exd8Q+ Bf8 26. Qd7 f5 27. Qxb7 Re2 28. Qxa6 Rd2 29. Qe6+ Kg7 30. Qe5+ Kg8 31. Qe6+ Kg7 32. Qe5+ Kg8 33. Qe6+ 1/2-1/2

[Event "Barcelona Sants op 17th"]
[Site "Barcelona"]
[Date "2015.08.22"]
[Round "2"]
[White "Moreno Martin, Daniel"]
[Black "Dourerassou, Jonathan"]
[Result "0-1"]
[WhiteElo "2186"]
[BlackElo "2436"]
[PlyCount "122"]
[EventDate "2015.08.21"]
[EventType "swiss"]
[EventRounds "10"]
[EventCountry "ESP"]
[SourceTitle "EXT 2016"]
[Source "ChessBase"]
[SourceDate "2015.10.08"]
[SourceVersion "1"]
[SourceVersionDate "2015.10.08"]
[SourceQuality "1"]

1. e4 c5 2. Nf3 Nc6 3. d4 cxd4 4. Nxd4 Nf6 5. Nc3 e6 6. Ndb5 Bb4 7. a3 Bxc3+ 8. Nxc3 d5 9. Bd3 d4 10. Ne2 e5 11. 0-0 0-0 12. f4 exf4 13. Bxf4 Ng4 14. Qe1 Be6 15. Rd1 Rc8 16. h3 Nge5 17. Qf2 Nxd3 18. Rxd3 Bc4 19. Rd2 Qe7 20. Rfd1 Bxe2 21. Rxe2 f6 22. Kh1 Rfe8 23. Qg3 Qf7 24. Qd3 Re7 25. Bg3 Qa2 26. c3 Rd8 27. cxd4 Rxd4 28. Qc2 Qe6 29. Rde1 Rc4 30. Qd1 Rd7 31. Rd2 Rxd2 32. Qxd2 Rxe4 33. Rxe4 Qxe4 34. Qd7 Qe7 35. Qd5+ Qf7 36. Qd6 h5 37. b4 a6 38. a4 Qc4 39. Qd7 Qf7 40. Qc8+ Kh7 41. b5 axb5 42. axb5 Nd4 43. b6 Qd5 44. Bf2 Ne6 45. Qc2+ f5 46. Qa4 Qe4 47. Qb3 Nf4 48. Qg3 Ne6 49. Qb3 Kh6 50. Qc3 Nf4 51. Qg3 Nd3 52. h4 Kh7 53. Kg1 Ne5 54. Qe3 Ng4 55. Qxe4 fxe4 56. Bd4 Kg6 57. Kf1 Kf7 58. Ke2 g6 59. Bc3 Ke6 60. Bd4 Kd5 61. Bc3 Kc5 0-1

[Event "Barcelona Sant Marti op 13th"]
[Site "Barcelona"]
[Date "2011.07.20"]
[Round "8"]
[White "Moreno Martin, Daniel"]
[Black "Perpinya Rofes, Lluis Maria"]
[Result "0-1"]
[WhiteElo "2176"]
[BlackElo "2395"]
[PlyCount "76"]
[EventDate "2011.07.13"]
[EventType "swiss"]
[EventRounds "9"]
[EventCountry "ESP"]
[SourceTitle "CBM 143 Extra"]
[Source "ChessBase"]
[SourceDate "2011.08.29"]
[SourceVersion "1"]
[SourceVersionDate "2011.08.29"]
[SourceQuality "1"]

1. e4 c5 2. Nf3 d6 3. d4 Nf6 4. Nc3 cxd4 5. Nxd4 a6 6. Be2 e6 7. 0-0 Qc7 8. f4 Be7 9. Kh1 0-0 10. a4 Nc6 11. Be3 Rd8 12. Bf3 Ne5 13. Be2 Nc4 14. Bc1 e5 15. Nf5 Bxf5 16. exf5 d5 17. Bxc4 dxc4 18. Qe2 Bd6 19. Ne4 Nxe4 20. Qxe4 Re8 21. Qf3 e4 22. Qg3 Be7 23. Be3 Bf6 24. c3 Rad8 25. Qf2 Rd3 26. g4 Qc6 27. Qe2 Be7 28. Qf2 Bc5 29. Bxc5 e3+ 30. Qg2 Qxc5 31. Rae1 h5 32. h3 Qe7 33. Re2 Qh4 34. Rf3 hxg4 35. Rg3 Rd2 36. Rxg4 Rxe2 37. Qxe2 Qxh3+ 38. Kg1 Qxg4+ 0-1

[Event "Barcelona Sant Marti op 13th"]
[Site "Barcelona"]
[Date "2011.07.18"]
[Round "6"]
[White "Vidarte Morales, Arturo"]
[Black "Moreno Martin, Daniel"]
[Result "1-0"]
[WhiteElo "2359"]
[BlackElo "2176"]
[PlyCount "71"]
[EventDate "2011.07.13"]
[EventType "swiss"]
[EventRounds "9"]
[EventCountry "ESP"]
[SourceTitle "CBM 143 Extra"]
[Source "ChessBase"]
[SourceDate "2011.08.29"]
[SourceVersion "1"]
[SourceVersionDate "2011.08.29"]
[SourceQuality "1"]

1. g3 d5 2. Bg2 Nf6 3. d3 c6 4. Nf3 Bg4 5. 0-0 Nbd7 6. Nc3 e5 7. Qe1 Be7 8. Nd2 0-0 9. e4 Bb4 10. exd5 Bxc3 11. bxc3 cxd5 12. c4 Qa5 13. cxd5 Qc3 14. Nb3 Qxc2 15. Qe3 Rfc8 16. Ba3 Bf5 17. d6 Rab8 18. Bxb7 Rd8 19. Rfc1 Qxd3 20. Qxd3 Bxd3 21. Rc7 Nb6 22. Na5 Rd7 23. Rac1 h6 24. Rxd7 Nfxd7 25. Rc7 e4 26. Nc6 Re8 27. Ne7+ Kh7 28. Bb2 Bb5 29. Bxe4+ g6 30. Rxa7 Nc4 31. Ba3 Nf6 32. Bxg6+ fxg6 33. Nd5+ Nd7 34. Nf6+ Kh8 35. Nxe8 Nce5 36. Bb2 1-0

[Event "Barcelona Sant Marti op 13th"]
[Site "Barcelona"]
[Date "2011.07.15"]
[Round "3"]
[White "Moreno Martin, Daniel"]
[Black "Rios Gomez, Cristhian Camilo"]
[Result "0-1"]
[WhiteElo "2176"]
[BlackElo "2424"]
[PlyCount "88"]
[EventDate "2011.07.13"]
[EventType "swiss"]
[EventRounds "9"]
[EventCountry "ESP"]
[SourceTitle "CBM 143 Extra"]
[Source "ChessBase"]
[SourceDate "2011.08.29"]
[SourceVersion "1"]
[SourceVersionDate "2011.08.29"]
[SourceQuality "1"]

1. e4 c5 2. Nf3 e6 3. d4 cxd4 4. Nxd4 Nf6 5. Nc3 d6 6. Be2 Nc6 7. 0-0 Be7 8. Kh1 0-0 9. f4 Bd7 10. Ndb5 Qb8 11. a4 Rd8 12. Be3 a6 13. Na3 d5 14. exd5 Be8 15. Bf3 exd5 16. Bb6 Rd7 17. Qe2 d4 18. Ne4 Nd5 19. Nc5 Bxc5 20. Bxc5 Nxf4 21. Qf2 Ne6 22. Bb6 Ne5 23. Be4 Rd6 24. a5 Bc6 25. Rae1 Ng5 26. Bxc6 Nxc6 27. Qe2 Re6 28. Qg4 Rxe1 29. Rxe1 Ne6 30. Nc4 Qf8 31. Qg3 Re8 32. Rf1 Re7 33. Nd6 Rd7 34. Ne4 Kh8 35. h3 Rd5 36. Qf3 Re5 37. Nd2 g6 38. Qf6+ Qg7 39. Qf3 f5 40. Nc4 Re4 41. Qa3 Qd7 42. Qg3 Qd5 43. b3 Re2 44. Qh4 Qxg2# 0-1

[Event "Barcelona Sant Marti op 13th"]
[Site "Barcelona"]
[Date "2011.07.13"]
[Round "1"]
[White "Moreno Martin, Daniel"]
[Black "Cuartas, Jaime Alexander"]
[Result "0-1"]
[WhiteElo "2176"]
[BlackElo "2542"]
[PlyCount "62"]
[EventDate "2011.07.13"]
[EventType "swiss"]
[EventRounds "9"]
[EventCountry "ESP"]
[SourceTitle "CBM 143 Extra"]
[Source "ChessBase"]
[SourceDate "2011.08.29"]
[SourceVersion "1"]
[SourceVersionDate "2011.08.29"]
[SourceQuality "1"]

1. e4 c6 2. Nc3 d5 3. Nf3 Bg4 4. h3 Bxf3 5. Qxf3 Nf6 6. g3 e6 7. d3 Bb4 8. Bd2 d4 9. Nb1 Qb6 10. c3 Bc5 11. Bc1 Nbd7 12. Qe2 0-0-0 13. e5 Nd5 14. c4 Bb4+ 15. Kd1 Nc7 16. a3 Be7 17. b4 a5 18. Nd2 axb4 19. Rb1 Qa5 20. axb4 Bxb4 21. Bg2 Na6 22. f4 Ndc5 23. Nb3 Nxb3 24. Rxb3 Nc5 25. Qc2 Nxb3 26. Qxb3 Kc7 27. Bb2 Bc3 28. Bxc3 Qxc3 29. Qxc3 dxc3 30. Kc2 Ra8 31. Kxc3 Ra3+ 0-1

[Event "Catalunya-ch U20"]
[Site "Vila Seca"]
[Date "2011.04.24"]
[Round "8"]
[White "Triadu Cassa, Jordi"]
[Black "Moreno Martin, Daniel"]
[Result "1-0"]
[WhiteElo "2042"]
[BlackElo "2171"]
[PlyCount "71"]
[EventDate "2011.04.20"]
[EventType "swiss"]
[EventRounds "8"]
[EventCountry "ESP"]
[SourceTitle "EXT 2012"]
[Source "ChessBase"]
[SourceDate "2011.11.24"]
[SourceVersion "1"]
[SourceVersionDate "2011.11.24"]
[SourceQuality "1"]

1. e4 e6 2. d4 d5 3. Nc3 Bb4 4. e5 c5 5. a3 Bxc3+ 6. bxc3 Ne7 7. Nf3 b6 8. a4 Qc7 9. Bb5+ Bd7 10. Bd3 Nbc6 11. 0-0 h6 12. Re1 0-0 13. dxc5 bxc5 14. c4 Na5 15. Qe2 Bc6 16. Nd2 Ng6 17. cxd5 Bxd5 18. Qg4 c4 19. Bxg6 fxg6 20. Ba3 Rf5 21. Bd6 Qf7 22. f3 Nc6 23. c3 Kh7 24. Qg3 Ne7 25. Rab1 Rf8 26. Qf2 Rg5 27. Ne4 Bxe4 28. Rxe4 Nd5 29. Bxf8 Qxf8 30. h4 Rf5 31. Rb7 Nxc3 32. Rxc4 Nd5 33. Qxa7 Rxe5 34. Rf7 Qg8 35. Rc8 Re1+ 36. Kh2 1-0

[Event "Catalunya-ch U20"]
[Site "Vila Seca"]
[Date "2011.04.21"]
[Round "2"]
[White "Ventura Bolet, Alexandre"]
[Black "Moreno Martin, Daniel"]
[Result "0-1"]
[WhiteElo "1740"]
[BlackElo "2171"]
[PlyCount "48"]
[EventDate "2011.04.20"]
[EventType "swiss"]
[EventRounds "8"]
[EventCountry "ESP"]
[SourceTitle "EXT 2012"]
[Source "ChessBase"]
[SourceDate "2011.11.24"]
[SourceVersion "1"]
[SourceVersionDate "2011.11.24"]
[SourceQuality "1"]

1. d4 d5 2. e4 e6 3. exd5 exd5 4. c4 Nf6 5. Nc3 Be7 6. Nf3 0-0 7. cxd5 Nbd7 8. Ne5 Nb6 9. Bd3 Nbxd5 10. a3 c5 11. dxc5 Nxc3 12. bxc3 Qc7 13. Bf4 Qxc5 14. c4 Bd6 15. Nd7 Qa5+ 16. Bd2 Re8+ 17. Kf1 Qd8 18. Nxf6+ Qxf6 19. Qc1 Bc5 20. f3 Qd4 21. Bxh7+ Kxh7 22. Qc2+ g6 23. Bc1 Bf5 24. Qa2 Qd1# 0-1

[Event "Barcelona Sants op 12th"]
[Site "Barcelona"]
[Date "2009.08.22"]
[Round "2"]
[White "Fier, Alexandr"]
[Black "Moreno Martin, Daniel"]
[Result "1-0"]
[WhiteElo "2604"]
[BlackElo "2231"]
[PlyCount "99"]
[EventDate "2009.08.21"]
[EventType "swiss"]
[EventRounds "10"]
[EventCountry "ESP"]
[SourceTitle "CBM 131 Extra"]
[Source "ChessBase"]
[SourceDate "2009.09.03"]
[SourceVersion "2"]
[SourceVersionDate "2009.09.16"]
[SourceQuality "1"]

1. d4 d5 2. c4 c6 3. Nf3 Nf6 4. Nc3 e6 5. e3 Nbd7 6. Bd3 dxc4 7. Bxc4 b5 8. Bd3 b4 9. Ne4 Nxe4 10. Bxe4 Bb7 11. 0-0 Bd6 12. a3 bxa3 13. b3 Nf6 14. Nd2 0-0 15. Bf3 Qc7 16. Bxa3 Bxa3 17. Rxa3 c5 18. Bxb7 Qxb7 19. dxc5 Qb4 20. Qc1 Rfc8 21. c6 Qb6 22. Nc4 Qxc6 23. Qa1 a6 24. Rd1 Nd5 25. h3 h6 26. Rd4 Rd8 27. Rg4 g6 28. e4 Ne7 29. Rf4 Qc7 30. g3 Nc6 31. e5 Qd7 32. Ne3 Qd3 33. b4 Qe2 34. Kg2 Rd2 35. Qc3 Rc8 36. Qc4 Qxc4 37. Nxc4 Rc2 38. Nd6 Rc7 39. Rxa6 Nxe5 40. Ra8+ Kh7 41. Ne8 Rc8 42. Rxc8 Rxc8 43. Nd6 Rc7 44. b5 Rd7 45. Rd4 Kg8 46. Rd2 f5 47. b6 Nc6 48. b7 Nb8 49. Rc2 Na6 50. Rc6 1-0